00926nam a2200265Ia 4500001000600000003000900006008004100015040001300056040001300069041001300082100001700095100002900112245007900141245003500220250001100255260001000266260000900276260004900285300005900334500017000393650001500563650003100578700002200609700002900631E2495IT-RoPAU130308s9999 xx 000 0 und d aIT-RoPAU cIT-RoPAU aFRANCESE aBasfao Kacem gCodice Aut. SPICS: 47946 aImagerie populaire et caricature: la mise en scene de la conquete du Maroc bImage Dans le monde Arabe (L') a1a ed. aPARIS bCNRS c1995 [1° Ed.:1995 - Ed.Ling.Originale:1990] a"18 p. (prefazione: no ; testo: 18 [pagine: 175-192])" aIconografia Popolare e Caricatura: messa in scena della conquista del Marocco. Le Petit journal o L'Invito Alla Conquista. Realismo satirico De L'Assiette Au Beurre. aSEGNOLOGIA eCodice materia Spics: 3001 aHenry Jean-Robert gCodice Aut. SPICS: 47947